000 00294nam a22001217a 4500
020 _a9788176222228
082 _a631.1 YAD/AG
100 _aYadav S N
245 _aAgricultural Engineering: Fundamentals and applications
260 _aDelhi
_bBiotech Books
_c2011
300 _a260
942 _cBK
999 _c13816
_d13816